[Event "LSS No Engine Cup 72 Preliminary 2"]
[Site "LSS email"]
[Date "2012.09.06"]
[Round "?"]
[White "Brough, Carl"]
[Black "Schloegl, Dietrich"]
[Result "1-0"]
[WhiteElo "652"]
[BlackElo "1478"]
[PlyCount "25"]
[EventDate "2012.09.07"]
[EventType "tourn (corr)"]
[EventRounds "6"]
[EventCountry "GER"]
[SourceTitle "Corr 2015"]
[Source "ChessBase"]
[SourceDate "2015.07.17"]
[SourceVersion "1"]
[SourceVersionDate "2015.07.17"]
[SourceQuality "1"]

1. d4 Nf6 2. c4 g6 3. Nc3 Bg7 4. e4 0-0 5. e5 Ne8 6. Bf4 d6 7. Bd3 Nc6 8. d5 Nxe5 9. Nf3 Nxf3+ 10. Qxf3 Nf6 11. Ne2 e5 12. dxe6 Bxe6 13. 0-0 1-0

[Event "LSS No Engine Cup 71 Preliminary 2"]
[Site "LSS email"]
[Date "2012.08.27"]
[Round "?"]
[White "Roegiers, Ludo"]
[Black "Schloegl, Dietrich"]
[Result "1-0"]
[WhiteElo "1394"]
[BlackElo "1478"]
[PlyCount "29"]
[EventDate "2012.08.28"]
[EventType "tourn (corr)"]
[EventRounds "6"]
[EventCountry "GER"]
[SourceTitle "Corr 2015"]
[Source "ChessBase"]
[SourceDate "2015.07.17"]
[SourceVersion "1"]
[SourceVersionDate "2015.07.17"]
[SourceQuality "1"]

1. d4 Nf6 2. Bg5 Ne4 3. Bf4 c5 4. f3 Qa5+ 5. c3 Nf6 6. Nd2 cxd4 7. Nb3 Qb6 8. Qxd4 Nc6 9. Qxb6 axb6 10. Nd4 e5 11. Nxc6 exf4 12. Nd4 Bc5 13. Nh3 Nh5 14. Nb5 0-0 15. Nc7 1-0

[Event "LSS No Engine Cup 71 Preliminary 2"]
[Site "LSS email"]
[Date "2012.08.27"]
[Round "?"]
[White "Schloegl, Dietrich"]
[Black "Briceno Ochoa, Jose Antonio"]
[Result "0-1"]
[WhiteElo "1478"]
[BlackElo "979"]
[PlyCount "32"]
[EventDate "2012.08.28"]
[EventType "tourn (corr)"]
[EventRounds "6"]
[EventCountry "GER"]
[SourceTitle "Corr 2015"]
[Source "ChessBase"]
[SourceDate "2015.07.17"]
[SourceVersion "1"]
[SourceVersionDate "2015.07.17"]
[SourceQuality "1"]

1. e4 d5 2. exd5 Qxd5 3. Nc3 Qa5 4. d4 Nf6 5. Nf3 c6 6. Bc4 Bf5 7. Bd2 Qc7 8. Ne5 e6 9. Qe2 Nbd7 10. 0-0-0 Nxe5 11. dxe5 Nd5 12. g4 Bg6 13. Nxd5 exd5 14. Bd3 0-0-0 15. Bxg6 hxg6 16. Qf3 Qxe5 0-1

[Event "LSS No Engine Cup 71 Preliminary 2"]
[Site "LSS email"]
[Date "2012.08.27"]
[Round "?"]
[White "Werner, Guenter"]
[Black "Schloegl, Dietrich"]
[Result "1-0"]
[WhiteElo "1017"]
[BlackElo "1478"]
[PlyCount "27"]
[EventDate "2012.08.28"]
[EventType "tourn (corr)"]
[EventRounds "6"]
[EventCountry "GER"]
[SourceTitle "Corr 2015"]
[Source "ChessBase"]
[SourceDate "2015.07.17"]
[SourceVersion "1"]
[SourceVersionDate "2015.07.17"]
[SourceQuality "1"]

1. c4 Nf6 2. Nc3 g6 3. e4 d6 4. g3 Bg7 5. Bg2 0-0 6. d3 c5 7. Nge2 Nc6 8. 0-0 Ne8 9. h3 Nc7 10. b3 Ne6 11. Qd2 Ned4 12. Nf4 e5 13. Nfd5 Bxh3 14. f3 1-0

[Event "LSS No Engine Cup 69 Preliminary 3"]
[Site "LSS email"]
[Date "2012.07.19"]
[Round "?"]
[White "Raines, David T"]
[Black "Schloegl, Dietrich"]
[Result "1-0"]
[WhiteElo "1093"]
[BlackElo "1478"]
[PlyCount "69"]
[EventDate "2012.07.20"]
[EventType "tourn (corr)"]
[EventRounds "6"]
[EventCountry "GER"]
[SourceTitle "Telechess CBM 165"]
[Source "ChessBase"]
[SourceDate "2015.03.11"]
[SourceVersion "1"]
[SourceVersionDate "2015.03.11"]
[SourceQuality "1"]

1. d4 Nf6 2. c4 g6 3. Nf3 Bg7 4. Nc3 0-0 5. e4 d6 6. Be2 e5 7. 0-0 Nc6 8. d5 Ne7 9. Ne1 Nd7 10. Be3 f5 11. f3 f4 12. Bf2 g5 13. a4 Ng6 14. a5 Rf7 15. b4 Nf6 16. c5 Bf8 17. c6 h5 18. Kh1 Rh7 19. Nb5 g4 20. Nxa7 g3 21. Nxc8 bxc6 22. Bg1 gxh2 23. Bf2 Qxc8 24. dxc6 h4 25. Bc4+ Kh8 26. b5 Nh5 27. Bd5 Ng3+ 28. Bxg3 hxg3 29. Nd3 Rb8 30. Rb1 Ne7 31. Qa4 Nxd5 32. exd5 Qf5 33. Qe4 Qxe4 34. fxe4 Rf7 35. Rf3 1-0

[Event "LSS No Engine Cup 69 Preliminary 3"]
[Site "LSS email"]
[Date "2012.07.19"]
[Round "?"]
[White "Schloegl, Dietrich"]
[Black "Basson, Heinrich"]
[Result "0-1"]
[WhiteElo "1478"]
[BlackElo "1452"]
[PlyCount "30"]
[EventDate "2012.07.20"]
[EventType "tourn (corr)"]
[EventRounds "6"]
[EventCountry "GER"]
[SourceTitle "Corr 2015"]
[Source "ChessBase"]
[SourceDate "2015.07.17"]
[SourceVersion "1"]
[SourceVersionDate "2015.07.17"]
[SourceQuality "1"]

1. e4 c6 2. d4 d5 3. Nc3 e6 4. Nf3 Nf6 5. Bc4 dxc4 6. 0-0 Be7 7. Bg5 0-0 8. e5 Nd5 9. Bxe7 Qxe7 10. Ne4 b5 11. Re1 Nd7 12. b3 cxb3 13. axb3 b4 14. Ra5 N7b6 15. Qd2 Bb7 0-1

[Event "LSS No Engine Cup 69 Preliminary 3"]
[Site "LSS email"]
[Date "2012.07.19"]
[Round "?"]
[White "Schloegl, Dietrich"]
[Black "Schubert, Steffen"]
[Result "0-1"]
[WhiteElo "1478"]
[BlackElo "2003"]
[PlyCount "76"]
[EventDate "2012.07.20"]
[EventType "tourn (corr)"]
[EventRounds "6"]
[EventCountry "GER"]
[SourceTitle "Telechess CBM 165"]
[Source "ChessBase"]
[SourceDate "2015.03.11"]
[SourceVersion "1"]
[SourceVersionDate "2015.03.11"]
[SourceQuality "1"]

1. d4 Nf6 2. c4 e6 3. Nc3 Bb4 4. e3 0-0 5. Bd3 d5 6. Nf3 c5 7. 0-0 Nc6 8. a3 Bxc3 9. bxc3 b6 10. cxd5 exd5 11. Ne5 Bb7 12. Nxc6 Bxc6 13. f3 c4 14. Bf5 Re8 15. Qe2 b5 16. Qf2 g6 17. Bc2 Qc7 18. Qh4 Re6 19. f4 Ne4 20. f5 Qe7 21. Qxe7 Rxe7 22. fxg6 fxg6 23. Bxe4 Rxe4 24. Rf6 Rc8 25. Bd2 Kg7 26. Raf1 Be8 27. R1f4 Rxf4 28. Rxf4 Bc6 29. Be1 Re8 30. Rf3 Bd7 31. h3 Bf5 32. Bg3 h5 33. h4 Re6 34. Be5+ Kf7 35. Rf1 Ke7 36. Ra1 Ra6 37. Kf1 Ra4 38. Bg3 Bd3+ 0-1

[Event "LSS No Engine Cup 68 Preliminary 3"]
[Site "LSS email"]
[Date "2012.06.30"]
[Round "?"]
[White "Ozdemir, Zafer Omer"]
[Black "Schloegl, Dietrich"]
[Result "0-1"]
[WhiteElo "707"]
[BlackElo "1478"]
[PlyCount "116"]
[EventDate "2012.07.01"]
[EventType "tourn (corr)"]
[EventRounds "6"]
[EventCountry "GER"]
[SourceTitle "Telechess CBM 165"]
[Source "ChessBase"]
[SourceDate "2015.03.11"]
[SourceVersion "1"]
[SourceVersionDate "2015.03.11"]
[SourceQuality "1"]

1. e4 Nf6 2. Nc3 d5 3. e5 Nfd7 4. Nxd5 Nxe5 5. Nc3 Nbc6 6. Bb5 a6 7. Bxc6+ Nxc6 8. Nge2 e5 9. 0-0 Bd6 10. Re1 0-0 11. Ng3 f5 12. d3 Nd4 13. Nge2 c5 14. Nxd4 exd4 15. Nd5 f4 16. Re4 Bf5 17. Re1 Qg5 18. Bxf4 Bxf4 19. Ne7+ Kh8 20. Nxf5 Qxf5 21. Qf3 Bd2 22. Qxf5 Rxf5 23. Re2 Bg5 24. g3 Raf8 25. f4 Bd8 26. Rae1 g5 27. Re5 Rxe5 28. fxe5 Bc7 29. e6 Bd6 30. Kg2 Kg7 31. Kh3 Kf6 32. Kg4 Re8 33. Kh5 Rxe6 34. Rxe6+ Kxe6 35. Kxg5 Bf8 36. h4 b5 37. h5 Ke5 38. g4 c4 39. h6 Be7+ 40. Kh5 Kf4 41. dxc4 bxc4 42. a4 Ke3 43. g5 Bxg5 44. Kxg5 Kd2 45. b4 cxb3 46. cxb3 Kc3 47. Kf6 d3 48. Kg7 d2 49. Kxh7 d1Q 50. Kg7 Kxb3 51. h7 Kxa4 52. h8Q Qd4+ 53. Kg8 Qxh8+ 54. Kxh8 a5 55. Kg7 Kb4 56. Kf6 a4 57. Ke5 a3 58. Kd4 a2 0-1

[Event "LSS No Engine Cup 65 Preliminary 5"]
[Site "LSS email"]
[Date "2012.05.06"]
[Round "?"]
[White "Schloegl, Dietrich"]
[Black "Digalakis, Georgios"]
[Result "0-1"]
[WhiteElo "1698"]
[BlackElo "1581"]
[PlyCount "52"]
[EventDate "2012.05.07"]
[EventType "tourn (corr)"]
[EventRounds "6"]
[EventCountry "GER"]
[SourceTitle "Telechess CBM 153"]
[Source "ChessBase"]
[SourceDate "2013.03.14"]
[SourceVersion "1"]
[SourceVersionDate "2013.03.14"]
[SourceQuality "1"]

1. e4 e5 2. Nf3 Nc6 3. Bb5 a6 4. Ba4 Nf6 5. 0-0 Be7 6. Re1 b5 7. Bb3 d6 8. c3 0-0 9. h3 Na5 10. Bc2 d5 11. exd5 e4 12. Bxe4 Nxe4 13. Rxe4 Bb7 14. d4 Re8 15. b4 Nc4 16. Nbd2 Qxd5 17. Re2 Qf5 18. Ne5 Nxd2 19. Qxd2 Bd6 20. a4 Rad8 21. axb5 axb5 22. Ra7 Bd5 23. Ng4 Bc4 24. Rxe8+ Rxe8 25. f3 f6 26. Ra1 h5 0-1

[Event "LSS No Engine Cup 62 Preliminary 5"]
[Site "LSS email"]
[Date "2012.03.20"]
[Round "?"]
[White "Guaimare Rodriguez, Carlos Luis"]
[Black "Schloegl, Dietrich"]
[Result "0-1"]
[WhiteElo "1124"]
[BlackElo "1698"]
[PlyCount "50"]
[EventDate "2012.03.21"]
[EventType "tourn (corr)"]
[EventRounds "6"]
[EventCountry "GER"]
[SourceTitle "Telechess CBM 153"]
[Source "ChessBase"]
[SourceDate "2013.03.14"]
[SourceVersion "1"]
[SourceVersionDate "2013.03.14"]
[SourceQuality "1"]

1. e4 Nf6 2. e5 Nd5 3. d4 d6 4. Nf3 Bg4 5. Be2 e6 6. c4 Nb6 7. exd6 cxd6 8. 0-0 Be7 9. Nc3 0-0 10. h3 Bh5 11. b3 Nc6 12. Be3 d5 13. c5 Nd7 14. a3 b6 15. b4 a6 16. Qc2 Bg6 17. Qa4 b5 18. Qd1 Bf6 19. Bd3 Bxd3 20. Qxd3 Re8 21. Rfe1 e5 22. dxe5 Ndxe5 23. Nxe5 Nxe5 24. Qxd5 Nd3 25. Qxd8 Raxd8 0-1

[Event "LSS No Engine Cup 62 Preliminary 5"]
[Site "LSS email"]
[Date "2012.03.20"]
[Round "?"]
[White "Schloegl, Dietrich"]
[Black "Malyszek, Tomasz"]
[Result "1-0"]
[WhiteElo "1698"]
[BlackElo "997"]
[PlyCount "27"]
[EventDate "2012.03.21"]
[EventType "tourn (corr)"]
[EventRounds "6"]
[EventCountry "GER"]
[SourceTitle "Corr 2015"]
[Source "ChessBase"]
[SourceDate "2015.07.17"]
[SourceVersion "1"]
[SourceVersionDate "2015.07.17"]
[SourceQuality "1"]

1. d4 d5 2. c4 dxc4 3. Nf3 Bf5 4. Nc3 e6 5. e4 Bg6 6. Bxc4 Be7 7. 0-0 a6 8. d5 exd5 9. Nxd5 Bxe4 10. Ne5 Nf6 11. Nxf7 Kxf7 12. Nxf6+ Kxf6 13. Qh5 Bg6 14. Qg5# 1-0

[Event "WC-2011-F-00007"]
[Site "LSS email"]
[Date "2011.11.23"]
[Round "?"]
[White "Sherwood, Russell"]
[Black "Schloegl, Dietrich"]
[Result "1-0"]
[WhiteElo "2201"]
[BlackElo "1542"]
[PlyCount "91"]
[EventDate "2011.12.01"]
[EventType "tourn (corr)"]
[EventRounds "10"]
[EventCountry "GER"]
[SourceTitle "Telechess CBM 165"]
[Source "ChessBase"]
[SourceDate "2015.03.11"]
[SourceVersion "1"]
[SourceVersionDate "2015.03.11"]
[SourceQuality "1"]

1. e4 d6 2. d4 Nf6 3. Nc3 g6 4. Nf3 Bg7 5. Be2 0-0 6. 0-0 c6 7. a4 Nbd7 8. h3 e5 9. dxe5 dxe5 10. Qd3 Qe7 11. b3 a5 12. Ba3 Nc5 13. Qe3 b6 14. b4 axb4 15. Bxb4 Nfd7 16. a5 bxa5 17. Ba3 a4 18. Rfd1 Ba6 19. Bxa6 Rxa6 20. Rxd7 Qxd7 21. Qxc5 Rfa8 22. Qc4 Bf6 23. Na2 Qb7 24. Nb4 Rb6 25. Kh2 Bg7 26. g3 Rb5 27. Nxc6 Bf6 28. Rd1 Rc8 29. Rd6 Kg7 30. Nfd4 Rb6 31. Ne6+ fxe6 32. Qxe6 Rbxc6 33. Qxf6+ Kg8 34. Rd8+ Rxd8 35. Qxd8+ Kf7 36. Qf8+ Ke6 37. Qe8+ Kf6 38. Be7+ Qxe7 39. Qxc6+ Kg7 40. Qxa4 Qc5 41. Kg2 Qc8 42. c4 Kf6 43. Qb5 Qa8 44. Qd5 Qb8 45. Qc6+ Kg5 46. c5 1-0

[Event "LSS No Engine Cup 54 Preliminary 7"]
[Site "LSS email"]
[Date "2011.11.16"]
[Round "?"]
[White "Schloegl, Dietrich"]
[Black "Bezzina, Reno"]
[Result "0-1"]
[WhiteElo "1734"]
[BlackElo "1289"]
[PlyCount "92"]
[EventDate "2011.11.17"]
[EventType "tourn (corr)"]
[EventRounds "6"]
[EventCountry "GER"]
[SourceTitle "Telechess CBM 157"]
[Source "ChessBase"]
[SourceDate "2013.11.12"]
[SourceVersion "1"]
[SourceVersionDate "2013.11.12"]
[SourceQuality "1"]

1. e4 Nf6 2. e5 Nd5 3. d4 d6 4. Nf3 dxe5 5. Nxe5 g6 6. Bc4 c6 7. 0-0 Bg7 8. Re1 0-0 9. Bb3 Be6 10. Nd2 Nd7 11. Ndf3 Nxe5 12. Nxe5 a5 13. c3 Bf5 14. g4 Be6 15. c4 Nb6 16. c5 Bxb3 17. axb3 Nd5 18. Bd2 e6 19. Qf3 Qc7 20. Qg3 b6 21. Rec1 f5 22. g5 f4 23. Qg4 Rf5 24. Nf3 e5 25. Nh4 Rf7 26. cxb6 Qxb6 27. Qe6 f3 28. Nxf3 exd4 29. Ra3 Qb7 30. Ne5 Bxe5 31. Qxe5 Raf8 32. Qe6 Qb5 33. Rc4 Nc7 34. Qxc6 Qe5 35. Ra1 Rxf2 36. Qxc7 Qe2 37. Rcc1 Qxd2 38. Qg3 d3 39. Rab1 R2f5 40. Kh1 Qb4 41. Rd1 Qxb3 42. Rbc1 Qxb2 43. Rb1 Qe2 44. Qg2 Qxg2+ 45. Kxg2 Rxg5+ 46. Kh1 Rd8 0-1

[Event "LSS No Engine Cup 54 Preliminary 7"]
[Site "LSS email"]
[Date "2011.11.16"]
[Round "?"]
[White "Schloegl, Dietrich"]
[Black "Ozdemir, Zafer Omer"]
[Result "1-0"]
[WhiteElo "1734"]
[BlackElo "728"]
[PlyCount "43"]
[EventDate "2011.11.17"]
[EventType "tourn (corr)"]
[EventRounds "6"]
[EventCountry "GER"]
[SourceTitle "Telechess CBM 157"]
[Source "ChessBase"]
[SourceDate "2013.11.12"]
[SourceVersion "1"]
[SourceVersionDate "2013.11.12"]
[SourceQuality "1"]

1. e4 e5 2. Nf3 Nc6 3. Bb5 Qf6 4. 0-0 a6 5. Ba4 Bc5 6. Nc3 Nge7 7. d3 Nd4 8. Nxd4 Bxd4 9. Be3 c6 10. Bb3 a5 11. Bxd4 exd4 12. Na4 b5 13. Nb6 Rb8 14. Nxc8 Rxc8 15. a4 b4 16. Qh5 0-0 17. Qc5 Ra8 18. e5 d6 19. exf6 dxc5 20. fxe7 Rfe8 21. Rae1 Kh8 22. Bxf7 1-0

[Event "CP-2011-P-00004"]
[Site "LSS email"]
[Date "2011.09.30"]
[Round "?"]
[White "Llorente Alvarez, Jose Luis"]
[Black "Schloegl, Dietrich"]
[Result "1-0"]
[WhiteElo "2088"]
[BlackElo "1744"]
[PlyCount "51"]
[EventDate "2011.10.01"]
[EventType "tourn (corr)"]
[EventRounds "6"]
[EventCountry "GER"]
[SourceTitle "Telechess CBM 157"]
[Source "ChessBase"]
[SourceDate "2013.11.12"]
[SourceVersion "1"]
[SourceVersionDate "2013.11.12"]
[SourceQuality "1"]

1. e4 Nf6 2. e5 Nd5 3. d4 d6 4. c4 Nb6 5. f4 dxe5 6. fxe5 Nc6 7. Be3 Bf5 8. Nc3 e6 9. Be2 Be7 10. Nf3 0-0 11. 0-0 f6 12. d5 exd5 13. exf6 Bxf6 14. cxd5 Ne7 15. Nd4 Qd7 16. Bb5 Qc8 17. Qb3 Kh8 18. Rae1 Be5 19. Bf2 Ng6 20. Ne6 Rf6 21. Nxg7 Kxg7 22. Rxe5 Nxe5 23. Bd4 Ng4 24. h3 Nh6 25. Ne4 Bxe4 26. Rxf6 1-0

[Event "CP-2011-P-00004"]
[Site "LSS email"]
[Date "2011.09.30"]
[Round "?"]
[White "Schloegl, Dietrich"]
[Black "Kushnaryov, Andrey"]
[Result "1/2-1/2"]
[WhiteElo "1744"]
[BlackElo "2092"]
[PlyCount "50"]
[EventDate "2011.10.01"]
[EventType "tourn (corr)"]
[EventRounds "6"]
[EventCountry "GER"]
[SourceTitle "Telechess CBM 157"]
[Source "ChessBase"]
[SourceDate "2013.11.12"]
[SourceVersion "1"]
[SourceVersionDate "2013.11.12"]
[SourceQuality "1"]

1. d4 Nf6 2. c4 g6 3. Nc3 d5 4. cxd5 Nxd5 5. e4 Nxc3 6. bxc3 Bg7 7. Nf3 c5 8. Rb1 0-0 9. Be2 b6 10. 0-0 Bb7 11. Qd3 Ba6 12. Qe3 Qc8 13. d5 Bxe2 14. Qxe2 Bxc3 15. e5 Rd8 16. Bg5 Qf5 17. Rbd1 Nd7 18. Bxe7 Nxe5 19. Bxd8 Nxf3+ 20. Qxf3 Qxf3 21. gxf3 Rxd8 22. Rd3 Bd4 23. Ra3 Rd7 24. Re1 Kg7 25. Re4 Kf6 1/2-1/2

[Event "LSS No Engine Cup 45 Preliminary 1"]
[Site "LSS email"]
[Date "2011.06.29"]
[Round "?"]
[White "Kudryavtsev, Yaroslav Viktorovic"]
[Black "Schloegl, Dietrich"]
[Result "1/2-1/2"]
[WhiteElo "2095"]
[BlackElo "1762"]
[PlyCount "126"]
[EventDate "2011.06.30"]
[EventType "tourn (corr)"]
[EventRounds "6"]
[EventCountry "GER"]
[SourceTitle "Telechess CBM 149"]
[Source "ChessBase"]
[SourceDate "2012.07.17"]
[SourceVersion "1"]
[SourceVersionDate "2012.07.17"]
[SourceQuality "1"]

1. e4 Nf6 2. e5 Nd5 3. Bc4 Nb6 4. Bb3 d5 5. d4 Bf5 6. Ne2 e6 7. 0-0 Nc6 8. Ng3 g6 9. a4 a5 10. Be3 Qe7 11. Na3 0-0-0 12. Qc1 Bg7 13. c4 dxc4 14. Nxc4 Qb4 15. Nxf5 gxf5 16. Nxb6+ Qxb6 17. d5 Qxb3 18. dxc6 Bxe5 19. cxb7+ Qxb7 20. Qc5 Rd5 21. Qc4 Qxb2 22. Rac1 Rg8 23. g3 Qb4 24. Qc6 Qb7 25. Qc4 Kd7 26. Rb1 Qc6 27. Qh4 f4 28. Bxf4 Qxa4 29. Qxh7 Rg7 30. Qh6 Qe4 31. Bxe5 Qxe5 32. Rfc1 Qg5 33. Qh8 Rg8 34. Qc3 Ke7 35. Qxc7+ Rd7 36. Qc6 Qd5 37. Qa4 Qf5 38. Rb5 Rd5 39. Rb7+ Kf8 40. Rcc7 Kg7 41. Rxf7+ Qxf7 42. Rxf7+ Kxf7 43. Kg2 Rh5 44. h4 Rgh8 45. Kh3 Ke7 46. Qc4 Kf6 47. Qg4 Kf7 48. f4 Kf6 49. Qd1 Ke7 50. Qd4 Ke8 51. Kg4 Ke7 52. Qa7+ Kd6 53. f5 exf5+ 54. Kf4 Ke6 55. Qa6+ Kf7 56. Qxa5 Re8 57. Qd5+ Kf6 58. Qd6+ Kf7 59. Qd5+ Kf6 60. g4 Re4+ 61. Qxe4 fxe4 62. gxh5 Kg7 63. Kxe4 Kh6 1/2-1/2

[Event "LSS No Engine Cup 42 Preliminary 6"]
[Site "LSS email"]
[Date "2011.05.07"]
[Round "?"]
[White "Brough, Carl"]
[Black "Schloegl, Dietrich"]
[Result "0-1"]
[WhiteElo "852"]
[BlackElo "1750"]
[PlyCount "44"]
[EventDate "2011.05.08"]
[EventType "tourn (corr)"]
[EventRounds "6"]
[EventCountry "GER"]
[SourceTitle "Telechess CBM 151"]
[Source "ChessBase"]
[SourceDate "2012.11.13"]
[SourceVersion "1"]
[SourceVersionDate "2012.11.13"]
[SourceQuality "1"]

1. d4 Nf6 2. c4 g6 3. h3 Bg7 4. Nc3 d5 5. c5 Nc6 6. Bf4 0-0 7. Nf3 Ne4 8. g3 Nxd4 9. Nxd4 e5 10. Nxe4 dxe4 11. Bg5 Qxg5 12. e3 exd4 13. exd4 b6 14. b4 Rd8 15. Bg2 Rxd4 16. Qe2 Be6 17. Bxe4 Rad8 18. 0-0 Bc4 19. Qg4 Qxg4 20. hxg4 Bxf1 21. Rxf1 Rxe4 22. a3 Red4 0-1

[Event "LSS No Engine Cup 42 Preliminary 6"]
[Site "LSS email"]
[Date "2011.05.07"]
[Round "?"]
[White "Murphy, Jones"]
[Black "Schloegl, Dietrich"]
[Result "0-1"]
[WhiteElo "1374"]
[BlackElo "1750"]
[PlyCount "42"]
[EventDate "2011.05.08"]
[EventType "tourn (corr)"]
[EventRounds "6"]
[EventCountry "GER"]
[SourceTitle "Telechess CBM 151"]
[Source "ChessBase"]
[SourceDate "2012.11.13"]
[SourceVersion "1"]
[SourceVersionDate "2012.11.13"]
[SourceQuality "1"]

1. e4 Nf6 2. e5 Nd5 3. Bc4 Nb6 4. Bb3 d5 5. d4 Bf5 6. Ne2 e6 7. Ng3 Bg6 8. h4 h5 9. Nd2 c5 10. c3 Be7 11. Nf3 0-0 12. Bg5 Nc6 13. Bc2 Bxg5 14. Nxg5 Qd7 15. Nxh5 Nc4 16. Bxg6 fxg6 17. Qc2 Ne7 18. g3 cxd4 19. cxd4 Rac8 20. Qb1 Qb5 21. 0-0 Nd2 0-1

[Event "LSS No Engine Cup 42 Preliminary 6"]
[Site "LSS email"]
[Date "2011.05.07"]
[Round "?"]
[White "Schloegl, Dietrich"]
[Black "Chang, Henk"]
[Result "1-0"]
[WhiteElo "1750"]
[BlackElo "1008"]
[PlyCount "79"]
[EventDate "2011.05.08"]
[EventType "tourn (corr)"]
[EventRounds "6"]
[EventCountry "GER"]
[SourceTitle "Telechess CBM 151"]
[Source "ChessBase"]
[SourceDate "2012.11.13"]
[SourceVersion "1"]
[SourceVersionDate "2012.11.13"]
[SourceQuality "1"]

1. d4 Nf6 2. c4 g6 3. Nc3 Bg7 4. e4 0-0 5. Nf3 d6 6. Be2 e5 7. 0-0 Nc6 8. d5 Ne7 9. b4 Nd7 10. a4 f5 11. Nd2 f4 12. Nf3 h6 13. a5 g5 14. Nd2 Rf6 15. Bg4 Rg6 16. Bh5 Rf6 17. Nb3 Rf8 18. c5 Nf6 19. cxd6 cxd6 20. Be2 g4 21. f3 g3 22. hxg3 fxg3 23. f4 exf4 24. Bxf4 Qc7 25. Nb5 Qd7 26. Nxd6 Ng6 27. Bxg3 Qe7 28. e5 Ne8 29. Rxf8+ Nxf8 30. Nxe8 Qxe8 31. Bh5 Qb5 32. Qf3 Qxb4 33. Rc1 Bd7 34. e6 Ba4 35. Rc7 Bd4+ 36. Kh2 Be8 37. Bf7+ Bxf7 38. Qxf7+ Kh8 39. e7 Bg7 40. e8R 1-0

[Event "LSS No Engine Cup 39 Preliminary 2"]
[Site "LSS email"]
[Date "2011.03.15"]
[Round "?"]
[White "Molano Lafuente, Ismael"]
[Black "Schloegl, Dietrich"]
[Result "1/2-1/2"]
[WhiteElo "1283"]
[BlackElo "1726"]
[PlyCount "107"]
[EventDate "2011.03.16"]
[EventType "tourn (corr)"]
[EventRounds "6"]
[EventCountry "GER"]
[SourceTitle "Telechess CBM 147"]
[Source "ChessBase"]
[SourceDate "2012.03.16"]
[SourceVersion "1"]
[SourceVersionDate "2012.03.16"]
[SourceQuality "1"]

1. e4 c5 2. d3 g6 3. g3 Bg7 4. Bg2 Nc6 5. c3 d6 6. Be3 Qb6 7. Qc2 Nf6 8. Nd2 0-0 9. Ngf3 Ng4 10. Bg5 h6 11. Nc4 Qd8 12. Bd2 Nf6 13. Ne3 Bg4 14. Nxg4 Nxg4 15. h3 Nf6 16. Be3 Nd7 17. 0-0 Nde5 18. Nxe5 Nxe5 19. f4 Nc6 20. f5 g5 21. Qf2 Ne5 22. Rfd1 e6 23. Rac1 Rc8 24. b3 a6 25. d4 cxd4 26. cxd4 Rxc1 27. Bxc1 Nc6 28. d5 exd5 29. Rxd5 Qf6 30. Be3 Rc8 31. Qe1 Ne5 32. Qb4 Rc2 33. Bd4 Nc6 34. Bxf6 Nxb4 35. Rxd6 Bxf6 36. Rxf6 Kg7 37. Rb6 Nxa2 38. Rxb7 Nc3 39. Rd7 Ne2+ 40. Kh2 Rc5 41. b4 Re5 42. Rd5 Rxd5 43. exd5 Kf6 44. d6 Nd4 45. Be4 Nb5 46. d7 Ke7 47. Bb7 Kxd7 48. Bxa6 Nd4 49. Bd3 f6 50. Kg2 Kc7 51. Kf2 Nc6 52. b5 Nb4 53. Ke3 Kb6 54. Kd4 1/2-1/2

[Event "LSS No Engine Cup 39 Preliminary 2"]
[Site "LSS email"]
[Date "2011.03.15"]
[Round "?"]
[White "Schloegl, Dietrich"]
[Black "Schnoewitz, Brigitte"]
[Result "1-0"]
[WhiteElo "1726"]
[BlackElo "1077"]
[PlyCount "97"]
[EventDate "2011.03.16"]
[EventType "tourn (corr)"]
[EventRounds "6"]
[EventCountry "GER"]
[SourceTitle "Telechess CBM 147"]
[Source "ChessBase"]
[SourceDate "2012.03.16"]
[SourceVersion "1"]
[SourceVersionDate "2012.03.16"]
[SourceQuality "1"]

1. d4 d5 2. c4 c6 3. Nf3 Nf6 4. Nc3 e6 5. e3 Be7 6. Bd3 h6 7. 0-0 0-0 8. Re1 Nbd7 9. e4 dxe4 10. Nxe4 Nxe4 11. Bxe4 Nf6 12. Bd3 b6 13. Bf4 c5 14. Be5 Bb7 15. dxc5 Bxc5 16. a3 a5 17. h3 Qe7 18. Qc2 Bxf3 19. gxf3 Nh5 20. Qd2 Rad8 21. Rad1 Rxd3 22. Qxd3 Qg5+ 23. Kf1 Nf4 24. Bxf4 Qxf4 25. Qe4 Qh2 26. Qh4 Qc7 27. Qg4 Be7 28. Rd2 Rc8 29. Red1 Qxc4+ 30. Qxc4 Rxc4 31. Rd7 Bf6 32. b3 Rc3 33. R1d3 Rc1+ 34. Kg2 Bg5 35. Rb7 Ra1 36. a4 Ra2 37. Rxb6 Bh4 38. Rb5 Bxf2 39. Kf1 Bh4 40. f4 Rf2+ 41. Kg1 Rxf4 42. Rxa5 Re4 43. Rb5 Re1+ 44. Kg2 e5 45. a5 e4 46. Rd2 e3 47. Ra2 Rd1 48. a6 Rd2+ 49. Rxd2 1-0

[Event "LSS No Engine Cup 37 Preliminary 5"]
[Site "LSS email"]
[Date "2011.02.15"]
[Round "?"]
[White "Schloegl, Dietrich"]
[Black "Schnoewitz, Brigitte"]
[Result "1-0"]
[WhiteElo "1750"]
[BlackElo "1232"]
[PlyCount "85"]
[EventDate "2011.02.16"]
[EventType "tourn (corr)"]
[EventRounds "6"]
[EventCountry "GER"]
[SourceTitle "Telechess CBM 151"]
[Source "ChessBase"]
[SourceDate "2012.11.13"]
[SourceVersion "1"]
[SourceVersionDate "2012.11.13"]
[SourceQuality "1"]

1. e4 c5 2. Nf3 Nc6 3. d4 cxd4 4. Nxd4 d6 5. Nc3 a6 6. Be2 e6 7. 0-0 Nf6 8. Be3 Be7 9. f4 0-0 10. Qe1 Qc7 11. Qg3 Nxd4 12. Bxd4 d5 13. e5 Nd7 14. Be3 Bc5 15. Bxc5 Nxc5 16. b4 d4 17. bxc5 dxc3 18. Qxc3 Bd7 19. Bf3 Rfd8 20. Rfd1 Rac8 21. Rd6 Qxc5+ 22. Qxc5 Rxc5 23. Rb1 b5 24. Rbd1 Rxc2 25. Rxd7 Rxd7 26. Rxd7 g6 27. g3 Rxa2 28. f5 Ra3 29. Rd8+ Kg7 30. f6+ Kh6 31. Kf2 b4 32. Rd7 b3 33. Rxf7 Ra2+ 34. Ke3 Ra5 35. Rb7 Rxe5+ 36. Be4 a5 37. Rxb3 a4 38. Rb7 Ra5 39. Rb8 a3 40. f7 a2 41. f8Q+ Kh5 42. Bf3+ Kg5 43. h4# 1-0